[Event "NRW Class1 0304"]
[Site "Germany"]
[Date "2003.10.12"]
[Round "2.3"]
[White "Mertens, Heiko"]
[Black "Quelle, Helmut"]
[Result "1-0"]
[WhiteElo "2293"]
[BlackElo "2179"]
[PlyCount "105"]
[EventDate "2003.09.28"]
[EventType "team"]
[EventRounds "9"]
[EventCountry "GER"]
[SourceTitle "CBM 098 Extra"]
[Source "ChessBase"]
[SourceDate "2004.03.10"]
[SourceVersion "2"]
[SourceVersionDate "2004.03.10"]
[SourceQuality "1"]
[WhiteTeam "Godesberg II"]
[BlackTeam "Herford"]
[WhiteTeamCountry "GER"]
[BlackTeamCountry "GER"]

1. e4 e6 2. d3 d5 3. Nd2 Nf6 4. Ngf3 Be7 5. g3 0-0 6. Bg2 c5 7. 0-0 Nc6 8. Re1 Qc7 9. Qe2 b5 10. Nf1 d4 11. e5 Nd5 12. Bg5 Bb7 13. Bxe7 Qxe7 14. N1d2 Rab8 15. Ne4 Ba8 16. h4 Rfd8 17. Neg5 h6 18. Ne4 Nb6 19. g4 Rd5 20. g5 Nxe5 21. Nxe5 Rxe5 22. Qg4 hxg5 23. Nxg5 Rxe1+ 24. Rxe1 Nd5 25. Bxd5 Bxd5 26. Qh5 Qc7 27. Qh7+ Kf8 28. Qh8+ Ke7 29. Qxg7 Qf4 30. Kf1 Qf6 31. Qxf6+ Kxf6 32. Ne4+ Ke7 33. Nxc5 Rh8 34. Ke2 Rxh4 35. b4 Kd6 36. Rg1 a5 37. a3 Rh8 38. Rg7 axb4 39. axb4 e5 40. Rg4 Re8 41. Kd2 f5 42. Rg6+ Be6 43. Rf6 f4 44. Ke2 Kd5 45. Kf3 Bh3 46. Rh6 Bf5 47. Rf6 Bh3 48. Ke2 Rg8 49. Rb6 Rg1 50. Ne4 Bg4+ 51. f3 Bxf3+ 52. Kxf3 Rg6 53. Nf6+ 1-0